Top 15 landen met Covid-19 sterfgevallen - 7 augustus - Statistieken

Algemene statistieken
  • Deze quiz is 2 keer genomen
  • De gemiddelde score is 10 van 20
Antwoordstatistieken
land % Correct
Brazilië
100%
India
100%
Italië
100%
Rusland
100%
Spanje
100%
Verenigde Staten
100%
Verenigd Koninkrijk
100%
Frankrijk
50%
Ierland
50%
Iran
50%
Mexico
50%
Nederland
50%
Peru
50%
België
0%
Chili
0%
Colombia
0%
Ecuador
0%
Panama
0%
Zuid-Afrika
0%
Zweden
0%
Geen overeenkomende quizzen gevonden
Scoreverdeling
Procent van Mensen met Elke Score
Percentiel versus Aantal Correcte Antwoorden
Uw Scoregeschiedenis
U heeft deze quiz nog niet genomen